Putting higher education to work (Record no. 236924)
[ view plain ]
| 000 -LEADER | |
|---|---|
| fixed length control field | 01575nam a2200361 a 4500 |
| 082 04 - DEWEY DECIMAL CLASSIFICATION NUMBER | |
| Classification number | 378.5 |
| 245 00 - TITLE STATEMENT | |
| Title | Putting higher education to work |
| 260 ## - PUBLICATION, DISTRIBUTION, ETC. (IMPRINT) | |
| Place of publication | Washington, D.C. : |
| Name of publisher | World Bank ; |
| Place of publication | London : |
| Name of publisher | Eurospan [distributor], |
| Year of publication | c2012. |
| 300 ## - PHYSICAL DESCRIPTION | |
| Number of Pages | xix, 222 p. : |
| Other physical details | col. ill. |
| 490 1# - SERIES STATEMENT | |
| Series statement | World Bank East Asia and Pacific Regional Report |
| 500 ## - GENERAL NOTE | |
| General note | "Written by Emanuela di Gropello (lead author), Prateek Tandon, and Shahid Yusuf, with significant contributions from many others."--P. xv. |
| 650 #0 - SUBJECT ADDED ENTRY--TOPICAL TERM | |
| Topical Term | Education, Higher |
| 700 1# - ADDED ENTRY--PERSONAL NAME | |
| Personal name | Di Gropello, Emanuela. |
| 856 40 - ELECTRONIC LOCATION AND ACCESS | |
| Uniform Resource Identifier | http://site.ebrary.com/lib/rucke/Doc?id=10520049 |
No items available.
